000 00645nam a2200217Ia 4500
005 20250923145826.0
008 008 250917s9999 xx 000 0 eng d
037 _aReference
040 _aDSWL
_beng
_cDSWL
041 _aeng
_2eng
084 _aYX;1-m7.2, N88;1
_qDSWL
100 _aMukherjee, K.K.
_9839325
245 0 _aHand book for strong thening voluntary organizationns
_cby K.K. Mukherjee
260 _aGhaziabad
_b Grom Niyojan Kendra
_c1988
300 _a159p.
365 _aINR
_b50.00
700 _a S. Mukherjee
_9839326
925 _g50.00
942 _cREF
_hYX;1-m7.2, N88;1
999 _c1456170
_d1456170